Kandydaci na prezydenta RP 2025 - Statystyki

Ogólne statystyki
  • Ten quiz został rozwiązany 147 razy
  • Średni wynik to 9 z 23
Statystyki odpowiedzi
Partia Kandydaci % Poprawnych
Koalicja Obywatelska Rafał Trzaskowski
100%
Konfederacja Sławomir Mentzen
98%
Prawo i Sprawiedliwość (wspierany) Karol Nawrocki
97%
Trzecia Droga Szymon Hołownia
94%
Konfederacja Korony Polskiej Grzegorz Braun
90%
Lewica Magdalena Biejat
83%
Razem Adrian Zandberg
76%
Kukiz 15 Marek Jakubiak
64%
- (kandydat niezależny) Krzysztof Stanowski
57%
Polska Partia Socjalistyczna Joanna Senyszyn
43%
Bezpartyjni Samorządowcy Marek Woch
34%
Dobrobyt i Pokój Maciej Maciak
29%
Polska Liberalna Strajk Przedsiębiorców Paweł Tanajno
26%
- (kandydat niezależny) Artur Bartosiewicz
11%
Ruch Naprawy Polski Romuald Starosielec
7%
Normalny Kraj Wiesław Lewicki
7%
- (kandydatka niezależna) Katarzyna Cichos
6%
Bezpartyjny Piotr Szumlewicz
6%
Samoobrona Aldona Anna Skirgiełło
4%
- (kandydatka niezależna) Dominika Jasińska
2%
Bezpartyjni Wojciech Papis
2%
Prawo i Sprawiedliwość Dawid Jackiewicz
1%
Sami Swoi Sławomir Grzywa
1%
Nie znaleziono quizów pasujących do podanych kryteriów
Rozkład punktacji
Procent ludzi z każdym wynikiem
Percentyl według liczby udzielonych odpowiedzi
Twoja historia wyników
Nie rozwiązałeś tego quizu